| 000 | 03687nam a22002537a 4500 | ||
|---|---|---|---|
| 001 | 6462 | ||
| 003 | FISKH | ||
| 005 | 20250512151150.0 | ||
| 008 | 250506b cb ||||| |||| 00| 0 eng d | ||
| 040 |
_aFISKH _bkhr _cFISKH _dFISKH |
||
| 050 | _aPZ7 | ||
| 082 | _a800 | ||
| 100 | _aSamnang, Mao | ||
| 245 |
_aមេឃាដួងចិត្ត / _cអ្នកស្រី ម៉ៅ សំណាង (ទន្សាយ) |
||
| 250 | _aចេញផ្សាយឆ្នាំ២០០៩ | ||
| 260 |
_aភ្នំពេញ : _bបណ្ណាល័យ សុរិយារង្សី , _c២០០៩ . |
||
| 300 |
_a124 pages : _billustrations ; _c21 cm . |
||
| 520 | _aទិគវឌ្ឍន៍៖ ជាយុវជនម្នាក់មកពីភូមិជនបទនៅខេត្តបាត់ដំបង ដែលបានមកសិក្សានៅវិទ្យាល័យព្រះស៊ីសុវត្ថិ ក្នុងរាជធានីភ្នំពេញ។ ចន្ទរ័ត្ន៖ ស្រីថៃម្នាក់ដែលមានរូបសម្បត្តិស្រស់ស្អាត ដែលទិគវឌ្ឍន៍បានជួបពេលដំណើរទស្សនកិច្ចមួយ។ ការជួបគ្នាស្រួលស្រាយរបស់ពួកគេ បានបង្កើតភាពភ្ជាប់យ៉ាងជ្រាលជ្រៅផ្លូវអារម្មណ៍ ដែលនាំឲ្យកើតជាសមីខ្សែស្នេហ៍ស្មុគស្មាញរួមមាននារីម្នាក់ទៀតឈ្មោះសូរិយា។ រឿងនេះបានបញ្ចូលប្រធានបទដូចជា ក្តីស្រឡាញ់របស់យុវវ័យ អត្តសញ្ញាណជាតិ និងភាពស្មុគស្មាញនៃស្នេហា និងការលះបង់។ ដោយមានផ្ទៃខាងក្រោយជាស្ថានការណ៍នយោបាយរំខាននៃសម័យនោះ រឿងនេះបានបង្ហាញពីបញ្ហាផ្លូវផ្ទាល់ខ្លួន និងសង្គម ដែលតួអង្គត្រូវប្រឈមមុខ។ តាមរយៈរបាយការណ៍ដ៏សម្បូរបែបនេះ មេឃាដួងចិត្ត បានផ្តល់ជាកម្រងបញ្ចាំងនៃអារម្មណ៍ និងវប្បធម៌កម្ពុជា នៅសម័យអាណានិគម។ | ||
| 520 | _aTikhavuth: A young man from a rural village in Battambang province who comes to study at the prestigious Preah Sisowath High School in Phnom Penh. Chantharath: A beautiful Thai girl whom Tikhavuth meets during a sightseeing trip. Their casual encounter develops into a deep emotional connection, leading to a complex love triangle that includes another woman named Soriya. The story explores themes such as youthful love, national identity, and the complexities of love and sacrifice. Set against the backdrop of a politically turbulent era, the novel portrays the personal and social challenges faced by the characters. Through its rich narrative, Meakha Doung Chet provides a vivid reflection of Cambodia’s emotions and culture during the colonial period. | ||
| 650 |
_aមេឃាដួងចិត្ត _vប្រលោមលោកមនោសញ្ចេតនា |
||
| 650 |
_aMea khea doung chet _vRomance fiction |
||
| 942 |
_2ddc _cKHB _n0 |
||
| 999 |
_c6462 _d6462 |
||